| 000 | 00000nam##2200000za#4500 |
| 001 | 9.605283 |
| 003 | CaOODSP |
| 005 | 20240206145613 |
| 007 | cr ||||||||||| |
| 008 | 150406|2009||||xxc|||||o f|0| 0 fre|d |
| 040 | |aCaOODSP|bfre |
| 043 | |an-cn--- |
| 086 | 1 |aTU3-6/09-57F-PDF |
| 110 | 2 |aBureau de la sécurité des transports du Canada. |
| 245 | 10|aTrain à la dérive et déraillement hors d'une voie principale Southern Ontario Railway Train de manoeuvre 0900 d'Hagersville Points milliaires 0,10 et 1,9 de l'embranchement Hydro Nanticoke (Ontario), le 11 février 2009 |h[ressource électronique] |
| 260 | |aOttawa - Ontario : |bBureau de la sécurité des transports du Canada |c[2009]. |
| 300 | |a22p.|bill. en couleur, figures, références |
| 490 | 1 |aRapport d'enquête sur un accident ferroviaire |vR09T0057 |
| 590 | |a13-09-Supp|b2013-04-04 |
| 775 | 08|tRunaway and non-main-track train derailment - Southern Ontario Railway 0900 Hagersville Switcher Mile 0.10 and Mile 1.9 Hydro Spur Nanticoke, Ontario, 11 February 2009 |w(CaOODSP)9.575894 |
| 830 | #0|aRapport d'enquête sur un accident ferroviaire ;|vR09T0057|w(CaOODSP)9.501252 |
| 856 | 40|ahttp://publications.gc.ca|qPDF|s838 Ko|uhttps://publications.gc.ca/collections/collection_2013/bst-tsb/TU3-6-09-57-fra.pdf|yR09T0057 |